Where people fly and water runs uphill : (Record no. 1193)

MARC details
000 -LEADER
fixed length control field 00969cam a2200277 a 4500
005 - DATE AND TIME OF LATEST TRANSACTION
control field 20260322212050.0
008 - FIXED-LENGTH DATA ELEMENTS--GENERAL INFORMATION
fixed length control field data
010 ## - LIBRARY OF CONGRESS CONTROL NUMBER
LC control number 91019086
020 ## - INTERNATIONAL STANDARD BOOK NUMBER
International Standard Book Number 0446515752
020 ## - INTERNATIONAL STANDARD BOOK NUMBER
International Standard Book Number 9780446515757
040 ## - CATALOGING SOURCE
Original cataloging agency DLC
Transcribing agency DLC
Modifying agency DLC
050 00 - LIBRARY OF CONGRESS CALL NUMBER
Classification number BF1078
Item number .T36 1992
082 00 - DEWEY DECIMAL CLASSIFICATION NUMBER
Classification number 154.6/3
Edition information 20
092 ## - LOCALLY ASSIGNED DEWEY CALL NUMBER (OCLC)
Classification number 155.6 Tay 1992
001 - CONTROL NUMBER
control field data
100 1# - MAIN ENTRY--PERSONAL NAME
Personal name Taylor, Jeremy,
Dates associated with a name 1943-
245 10 - TITLE STATEMENT
Title Where people fly and water runs uphill :
Remainder of title using dreams to tap the wisdom of the unconsious /
Statement of responsibility, etc. Jeremy Taylor.
260 ## - PUBLICATION, DISTRIBUTION, ETC.
Place of publication, distribution, etc. New York, NY :
Name of publisher, distributor, etc. Warner Books,
Date of publication, distribution, etc. c1992.
300 ## - PHYSICAL DESCRIPTION
Extent x, 292 p. ;
Dimensions 24 cm.
504 ## - BIBLIOGRAPHY, ETC. NOTE
Bibliography, etc. note Includes bibliographical references.
650 #0 - SUBJECT ADDED ENTRY--TOPICAL TERM
Topical term or geographic name entry element Dreams.
906 ## - LOCAL DATA ELEMENT F, LDF (RLIN)
a 7
b cbc
c orignew
d 1
e ocip
f 19
g y-gencatlg
925 0# -
-- acquire
-- 1 shelf copy
-- policy default
991 ## -
-- c-GenColl
-- BF1078
-- .T36 1992
-- 00001357839
-- Copy 1
-- BOOKS
Holdings
Withdrawn status Lost status Damaged status Not for loan Home library Current library Shelving location Date acquired Total checkouts Full call number Barcode Date last seen Price effective from Koha item type
        Centerville Centerville General stacks 22/03/2026   154.6/3 20 BC0011232 22/03/2026 22/03/2026 Books